| 000 | 00664cam a22002055i 4500 | ||
|---|---|---|---|
| 999 |
_c57742 _d57742 |
||
| 001 | 20656111 | ||
| 005 | 20221107164100.0 | ||
| 008 | 180831s2019 enka b 001 0 eng d | ||
| 020 | _a9780198806769x | ||
| 041 | _aeng | ||
| 080 | _a658.4 M-21 | ||
| 100 | 1 |
_aMallin, Chris A. _99648 |
|
| 245 | 1 | 0 |
_aCorporate governance / _cChristine A. Mallin. |
| 250 | _aSixth edition. | ||
| 264 | 4 |
_c[2019]. _aNew York, NY : _bOxford University Press, |
|
| 300 |
_a411 pages : _billustrations ; _c25 cm. |
||
| 653 | _aკორპორატიული მმართველობა | ||
| 653 | _aბიზნეს მენეჯმენტი | ||
| 942 |
_2udc _cBK |
||